The Snare.

Bibliographic Details
Format: Microform Book
Language:English
Published: [London] : [publisher not identified], [1688?]
Series:Early English books, 1641-1700 ; 1557:36.
Subjects:

MARC

Tag First Indicator Second Indicator Subfields
LEADER 00000cam a2200000 a 4500
001 in00000882012
005 20150923155202.0
007 hd afa017baca
007 hd bfa017baaa
008 860510s1688 miu a 00000 eng d
035 |a (OCoLC)13553835 
035 |9 AEM0647AM 
037 |a CL0037000055  |b University Microfilms International 
037 |b University Microfilms International, 300 N. Zeeb Rd., Ann Arbor, MI 48106 
040 |a EAG  |c EAG  |d m/c  |d UtOrBLW 
043 |a e-uk--- 
045 0 |b d1688 
049 |a TXAI 
090 |a PR3291.A1  |b S62 1688 
099 |a film   |a  B   |a  3609 
245 0 4 |a The Snare. 
264 1 |a [London] :  |b [publisher not identified],  |c [1688?] 
300 |a 1 broadside. 
336 |a text  |b txt  |2 rdacontent 
337 |a microform  |b h  |2 rdamedia 
338 |a microfilm reel  |b hd  |2 rdacarrier 
500 |a In verse. 
500 |a Imprint suggested by Wing. 
500 |a "An imaginary conversation between Charles II and James II" --NUC pre-1956 imprints. 
500 |a Reproduction of original in the Harvard University Library. 
510 4 |a Wing  |c S4386 
533 |a Microfilm.  |b Ann Arbor, Mich. :  |c University Microfilms International,  |d 1984.  |e 1 microfilm reel ; 35 mm.  |f (Early English books, 1641-1700 : 1557:36) 
500 |a Microform. 
600 0 0 |a James  |b II,  |c King of England,  |d 1633-1701  |x Poetry. 
651 0 |a Great Britain  |x History  |y Revolution of 1688  |x Poetry. 
830 0 |a Early English books, 1641-1700 ;  |v 1557:36. 
999 |a MARS 
999 f f |s 3cd9f2ac-9875-36f4-be76-1e658db58acc  |i 4cb3d1c7-9ccf-342c-9d6f-d0764c52d309  |t 0 
952 f f |p default  |a Texas A&M University  |b College Station  |c Sterling C. Evans Library  |d Evans: Microforms (3rd floor)  |t 0  |e film B 3609 1557:36  |h Other scheme  |i microform -- microfilm reel 
998 f f |a film B 3609 1557:36  |t 0  |l Evans: Microforms (3rd floor)